<?xml version="1.0" encoding="UTF-8"?>
<record
    xmlns:xsi="http://www.w3.org/2001/XMLSchema-instance"
    xsi:schemaLocation="http://www.loc.gov/MARC21/slim http://www.loc.gov/standards/marcxml/schema/MARC21slim.xsd"
    xmlns="http://www.loc.gov/MARC21/slim">

  <leader>01684nam2a2200373   4500</leader>
  <controlfield tag="001">rc\2636657</controlfield>
  <controlfield tag="005">20260406093401.0</controlfield>
  <datafield tag="035" ind1=" " ind2=" ">
    <subfield code="a">(NLR Aleph) 006944921</subfield>
  </datafield>
  <datafield tag="090" ind1=" " ind2=" ">
    <subfield code="a">13560453</subfield>
    <subfield code="c">13560453</subfield>
  </datafield>
  <datafield tag="100" ind1=" " ind2=" ">
    <subfield code="a">20110601d1932    u  y0rusy50      ca</subfield>
  </datafield>
  <datafield tag="101" ind1="0" ind2=" ">
    <subfield code="a">rus</subfield>
  </datafield>
  <datafield tag="102" ind1=" " ind2=" ">
    <subfield code="a">RU</subfield>
  </datafield>
  <datafield tag="105" ind1=" " ind2=" ">
    <subfield code="a">a   z   |||||</subfield>
  </datafield>
  <datafield tag="200" ind1="1" ind2=" ">
    <subfield code="a">&#x410;&#x432;&#x441;&#x442;&#x440;&#x438;&#x44F;. &#x411;&#x435;&#x43B;&#x44C;&#x433;&#x438;&#x44F;. &#x413;&#x435;&#x440;&#x43C;&#x430;&#x43D;&#x438;&#x44F;. &#x413;&#x43E;&#x43B;&#x43B;&#x430;&#x43D;&#x434;&#x438;&#x44F;. &#x414;&#x430;&#x43D;&#x438;&#x44F;. &#x418;&#x441;&#x43F;&#x430;&#x43D;&#x438;&#x44F;. &#x418;&#x442;&#x430;&#x43B;&#x438;&#x44F;. &#x41D;&#x43E;&#x440;&#x432;&#x435;&#x433;&#x438;&#x44F;. &#x424;&#x440;&#x430;&#x43D;&#x446;&#x438;&#x44F;. &#x428;&#x432;&#x435;&#x439;&#x446;&#x430;&#x440;&#x438;&#x44F;. &#x428;&#x432;&#x435;&#x446;&#x438;&#x44F;</subfield>
    <subfield code="f">&#x410;&#x43D;&#x442;&#x43E;&#x43D;&#x43E;&#x432;, &#x412;., &#x414;&#x438;&#x433;&#x435;&#x440;&#x43D;&#x435;&#x441;, &#x418;., &#x41A;&#x435;&#x43C;&#x43F;&#x435;&#x440;, &#x41C;., &#x41B;&#x443;&#x43A;&#x44C;&#x44F;&#x43D;&#x43E;&#x432;, &#x421;., &#x41C;&#x430;&#x437;&#x438;, &#x41A;., &#x41C;&#x438;&#x43D;&#x43B;&#x43E;&#x441;, &#x411;., &#x413;&#x438;&#x433;&#x430;&#x442;&#x442;&#x435;&#x43D;, &#x424;&#x440;., &#x420;&#x43E;&#x437;&#x435;&#x43D;&#x444;&#x435;&#x43B;&#x44C;&#x434;, &#x41C;., &#x422;&#x443;&#x440;&#x43E;&#x43A;, &#x412;., &#x428;&#x430;&#x444;&#x438;&#x440;, &#x42F;., &#x428;&#x442;&#x435;&#x439;&#x43D;&#x431;&#x435;&#x440;&#x433;&#x435;&#x440;, &#x41D;.</subfield>
  </datafield>
  <datafield tag="210" ind1=" " ind2=" ">
    <subfield code="d">1932</subfield>
  </datafield>
  <datafield tag="215" ind1=" " ind2=" ">
    <subfield code="a">&#x41E;&#x431;&#x43B;., [3], 352 &#x441;.</subfield>
    <subfield code="c">&#x433;&#x440;&#x430;&#x444;.</subfield>
  </datafield>
  <datafield tag="461" ind1=" " ind2="0">
    <subfield code="1">001rc\2636656</subfield>
    <subfield code="1">2001#$a&#x410;&#x433;&#x440;&#x430;&#x440;&#x43D;&#x44B;&#x439; &#x43A;&#x440;&#x438;&#x437;&#x438;&#x441;$e[&#x421;&#x431;&#x43E;&#x440;&#x43D;&#x438;&#x43A; &#x441;&#x442;&#x430;&#x442;&#x435;&#x439;]$v&#x41A;&#x43D;. 2</subfield>
    <subfield code="9">5189250</subfield>
    <subfield code="c">&#x41C;&#x43E;&#x441;&#x43A;&#x432;&#x430;</subfield>
    <subfield code="d">1932</subfield>
    <subfield code="n">&#x438;&#x437;&#x434;-&#x432;&#x43E; &#x438; &#x442;&#x438;&#x43F;. &#x41C;&#x410;&#x418;</subfield>
    <subfield code="o">[&#x421;&#x431;&#x43E;&#x440;&#x43D;&#x438;&#x43A; &#x441;&#x442;&#x430;&#x442;&#x435;&#x439;]</subfield>
    <subfield code="t">&#x410;&#x433;&#x440;&#x430;&#x440;&#x43D;&#x44B;&#x439; &#x43A;&#x440;&#x438;&#x437;&#x438;&#x441;</subfield>
    <subfield code="v">&#x41A;&#x43D;. 2</subfield>
  </datafield>
  <datafield tag="701" ind1=" " ind2="1">
    <subfield code="a">&#x410;&#x43D;&#x442;&#x43E;&#x43D;&#x43E;&#x432;</subfield>
    <subfield code="b">&#x412;.</subfield>
  </datafield>
  <datafield tag="701" ind1=" " ind2="1">
    <subfield code="a">&#x414;&#x438;&#x433;&#x435;&#x440;&#x43D;&#x435;&#x441;</subfield>
    <subfield code="b">&#x418;.</subfield>
  </datafield>
  <datafield tag="701" ind1=" " ind2="1">
    <subfield code="a">&#x41A;&#x435;&#x43C;&#x43F;&#x435;&#x440;</subfield>
    <subfield code="b">&#x41C;.</subfield>
  </datafield>
  <datafield tag="701" ind1=" " ind2="1">
    <subfield code="a">&#x41B;&#x443;&#x43A;&#x44C;&#x44F;&#x43D;&#x43E;&#x432;</subfield>
    <subfield code="b">&#x421;.</subfield>
  </datafield>
  <datafield tag="701" ind1=" " ind2="1">
    <subfield code="a">&#x41C;&#x430;&#x437;&#x438;</subfield>
    <subfield code="b">&#x41A;.</subfield>
  </datafield>
  <datafield tag="701" ind1=" " ind2="1">
    <subfield code="a">&#x41C;&#x438;&#x43D;&#x43B;&#x43E;&#x441;</subfield>
    <subfield code="b">&#x411;.</subfield>
  </datafield>
  <datafield tag="701" ind1=" " ind2="1">
    <subfield code="a">&#x413;&#x438;&#x433;&#x430;&#x442;&#x442;&#x435;&#x43D;</subfield>
    <subfield code="b">&#x424;&#x440;.</subfield>
  </datafield>
  <datafield tag="701" ind1=" " ind2="1">
    <subfield code="a">&#x420;&#x43E;&#x437;&#x435;&#x43D;&#x444;&#x435;&#x43B;&#x44C;&#x434;</subfield>
    <subfield code="b">&#x41C;.</subfield>
  </datafield>
  <datafield tag="701" ind1=" " ind2="1">
    <subfield code="7">ca</subfield>
    <subfield code="8">rus</subfield>
    <subfield code="a">&#x422;&#x443;&#x440;&#x43E;&#x43A;-&#x41F;&#x43E;&#x43F;&#x43E;&#x432;</subfield>
    <subfield code="b">&#x412;. &#x41C;.</subfield>
    <subfield code="f">1904-1981</subfield>
    <subfield code="g">&#x412;&#x43B;&#x430;&#x434;&#x438;&#x43C;&#x438;&#x440; &#x41C;&#x438;&#x445;&#x430;&#x439;&#x43B;&#x43E;&#x432;&#x438;&#x447;</subfield>
    <subfield code="3">RU\NLR\AUTH\770285100</subfield>
    <subfield code="9">2679991</subfield>
  </datafield>
  <datafield tag="701" ind1=" " ind2="1">
    <subfield code="a">&#x428;&#x430;&#x444;&#x438;&#x440;</subfield>
    <subfield code="b">&#x42F;.</subfield>
  </datafield>
  <datafield tag="701" ind1=" " ind2="1">
    <subfield code="a">&#x428;&#x442;&#x435;&#x439;&#x43D;&#x431;&#x435;&#x440;&#x433;&#x435;&#x440;</subfield>
    <subfield code="b">&#x41D;.</subfield>
  </datafield>
  <datafield tag="801" ind1=" " ind2="0">
    <subfield code="a">RU</subfield>
    <subfield code="b">NLR</subfield>
    <subfield code="g">psbo</subfield>
  </datafield>
  <datafield tag="801" ind1=" " ind2="1">
    <subfield code="a">RU</subfield>
    <subfield code="b">ELAR</subfield>
    <subfield code="2">rusmarc</subfield>
  </datafield>
  <datafield tag="852" ind1=" " ind2=" ">
    <subfield code="a">NLR</subfield>
    <subfield code="j">31-17/288(2)</subfield>
  </datafield>
  <datafield tag="942" ind1=" " ind2=" ">
    <subfield code="c">UNSPEC</subfield>
  </datafield>
  <datafield tag="980" ind1=" " ind2=" ">
    <subfield code="a">NB</subfield>
  </datafield>
</record>
